[Event "16th ECh U20 Girls"]
[Site "Patras GRE"]
[Date "1999.10.05"]
[Round "1"]
[White "Polovnikova, Ekaterina"]
[Black "Makka, Ioulia"]
[Result "1/2-1/2"]
[WhiteElo "2299"]
[BlackElo "2099"]
[EventDate "1999.10.02"]
[PlyCount "63"]

1.e4 e6 2.d3 d5 3.Nd2 c5 4.g3 Nf6 5.Bg2 Nc6 6.Ngf3 Be7 7.O-O b6 8.Re1 Bb7 
9.exd5 Nxd5 10.Nc4 O-O 11.a4 Rc8 12.c3 Qc7 13.Qb3 h6 14.a5 Ba8 15.axb6 
axb6 16.Nfe5 Nxe5 17.Nxe5 Nf6 18.Nf3 Bd6 19.Ra6 Nd7 20.Be3 Bd5 21.c4 Bc6 
22.Rea1 Ra8 23.Rxa8 Rxa8 24.Rxa8+ Bxa8 25.Nd2 Bxg2 26.Kxg2 Qb7+ 27.f3 Kh7 
28.Qb5 Qc7 29.d4 g6 30.dxc5 Bxc5 31.Bxc5 Nxc5 32.b4 1/2-1/2

[Event "16th ECh U20 Girls"]
[Site "Patras GRE"]
[Date "1999.10.05"]
[Round "1"]
[White "Goletiani, Rusudan"]
[Black "Batyte, Daiva"]
[Result "1-0"]
[WhiteElo "2386"]
[BlackElo "2107"]
[EventDate "1999.10.02"]
[PlyCount "129"]

1.Nf3 Nf6 2.b3 d6 3.d4 Bg4 4.Bb2 Nbd7 5.c4 c6 6.e3 e5 7.dxe5 dxe5 8.Be2 
Bb4+ 9.Nfd2 Nc5 10.Qc2 Bxe2 11.Kxe2 Ng4 12.a3 Bxd2 13.Nxd2 O-O 14.h3 Nh6 
15.Bxe5 Re8 16.Nf3 f6 17.Bh2 Qb6 18.b4 Ne4 19.g4 c5 20.b5 Qe6 21.Rhd1 a6 
22.Kf1 Nf7 23.Kg2 f5 24.gxf5 Qxf5 25.Rd5 Qg6+ 26.Bg3 axb5 27.cxb5 Qe6 28.
Qd3 h6 29.a4 Rac8 30.Rc1 b6 31.h4 Nf6 32.Rf5 Rcd8 33.Qc2 Ne4 34.Rf4 Rd5 
35.a5 bxa5 36.Rb1 Nfd6 37.b6 Nb7 38.Qa4 Nc3 39.Qa1 Nxb1 40.Qxb1 Rd7 41.Rf5
Rf7 42.Re5 Qc6 43.Rxe8+ Qxe8 44.Ne5 Rf6 45.Kg1 Qe6 46.Qe4 Qxb6 47.Nd7 Re6 
48.Qf5 Qb3 49.Qf8+ Kh7 50.Qf5+ Kg8 51.Qf8+ Kh7 52.Qf7 Qd1+ 53.Kh2 Nd8 54.
Qf5+ g6 55.Nf8+ Kg8 56.Nxg6 c4 57.h5 Re8 58.Nf4 Nf7 59.Nd5 Qd3 60.e4 c3 
61.Nf6+ Kf8 62.Nh7+ Ke7 63.Qf6+ Kd7 64.Qxf7+ Re7 65.Nf6+ 1-0

[Event "16th ECh U20 Girls"]
[Site "Patras GRE"]
[Date "1999.10.05"]
[Round "1"]
[White "Gurbanova, Kemala"]
[Black "Reizniece, Dana"]
[Result "0-1"]
[WhiteElo "2078"]
[BlackElo "2294"]
[EventDate "1999.10.02"]
[PlyCount "126"]

1.d4 Nf6 2.Nc3 g6 3.e4 d6 4.Bg5 Bg7 5.Nf3 O-O 6.Qd2 c6 7.O-O-O b5 8.e5 b4 
9.exf6 bxc3 10.Qxc3 exf6 11.Bf4 Re8 12.Bd3 Be6 13.Qb4 Bf8 14.Qb7 Nd7 15.
Qxc6 Nb6 16.Rhe1 a5 17.a3 Nd5 18.Bd2 Qb8 19.Qb5 Qa7 20.Be4 Reb8 21.Qd3 Qb7
22.Bc3 Nxc3 23.Qxc3 Rc8 24.Qe3 Rab8 25.d5 Qxb2+ 26.Kd2 Bd7 27.Rb1 Qa2 28.
Rxb8 Rxb8 29.Qc3 Bh6+ 30.Ke2 Bb5+ 31.Bd3 Qxd5 32.Kf1 f5 33.Bxb5 Qxb5+ 34.
Kg1 Qc5 35.Qd3 Bg7 36.h3 Bf6 37.Rd1 Rb2 38.Rd2 Rb1+ 39.Kh2 Be5+ 40.g3 Qc6 
41.Qd5 Qxd5 42.Rxd5 Bc3 43.Rxd6 Ra1 44.Nd4 Be1 45.Kg2 Rxa3 46.Kf1 Bb4 47.
Rc6 f4 48.g4 Rxh3 49.f3 Rh1+ 50.Ke2 Re1+ 51.Kd3 Re3+ 52.Kc4 Rc3+ 53.Kb5 h5
54.gxh5 Rxc6 55.Nxc6 gxh5 56.Ne5 h4 57.c4 h3 58.Ng4 f5 59.Nh2 Kf7 60.Nf1 
Ke6 61.Nh2 Ke5 62.c5 Kd5 63.c6 Kd6 0-1

[Event "16th ECh U20 Girls"]
[Site "Patras GRE"]
[Date "1999.10.05"]
[Round "1"]
[White "Henriques, Sofia"]
[Black "Bogza, Adina"]
[Result "0-1"]
[WhiteElo "2018"]
[BlackElo "2210"]
[EventDate "1999.10.02"]
[PlyCount "120"]

1.e4 d6 2.d4 Nf6 3.Nc3 g6 4.Nf3 Bg7 5.Be2 O-O 6.O-O c6 7.Bf4 Nbd7 8.h3 Qa5
9.Re1 e5 10.Be3 Re8 11.Qd2 Nf8 12.Rad1 Qc7 13.dxe5 dxe5 14.Bc5 Nh5 15.Bd6 
Qd8 16.Qe3 Qf6 17.Bc4 Qf4 18.Qd3 Be6 19.Ne2 Bxc4 20.Nxf4 Bxd3 21.Nxd3 Rad8
22.Bb4 b6 23.Bc3 f6 24.Nb4 Rxd1 25.Rxd1 c5 26.Nd5 Ne6 27.g3 Kf7 28.Nd2 Rd8
29.Nc4 Ng5 30.Nd2 Nxh3+ 31.Kg2 Ng5 32.f3 Ne6 33.Nf1 f5 34.Nfe3 Nxg3 35.
Kxg3 f4+ 36.Kf2 fxe3+ 37.Kxe3 Bh6+ 38.Kf2 Bg7 39.Bd2 h5 40.c3 Nf4 41.Bxf4 
exf4 42.b3 g5 43.Rg1 Bf6 44.Ke2 Ke6 45.a4 Ke5 46.Rh1 Rh8 47.Kd3 g4 48.Nxf6
Kxf6 49.fxg4 Rd8+ 50.Ke2 hxg4 51.Rh5 Re8 52.Rf5+ Kg6 53.Rxf4 Kg5 54.Ke3 
Kh4 55.Rf7 Kg3 56.Rg7 Kh3 57.Rh7+ Kg2 58.Rxa7 g3 59.Rg7 Kh2 60.e5 Rxe5+ 
0-1

[Event "16th ECh U20 Girls"]
[Site "Patras GRE"]
[Date "1999.10.05"]
[Round "1"]
[White "Kalinina, Vladislava"]
[Black "Redondo Arguelles, Graciela"]
[Result "1-0"]
[WhiteElo "2239"]
[BlackElo "2067"]
[EventDate "1999.10.02"]
[PlyCount "91"]

1.e4 e6 2.d4 d5 3.Nc3 Nf6 4.e5 Nfd7 5.f4 c5 6.Nf3 Qb6 7.Na4 Qa5+ 8.c3 cxd4
9.b4 Qc7 10.Nxd4 a6 11.Bd2 Nc6 12.Bd3 b5 13.Nb2 Nb6 14.O-O Nxd4 15.cxd4 
Nc4 16.Qc1 Bd7 17.f5 Qb6 18.Bc3 Rc8 19.fxe6 Bxe6 20.Nxc4 bxc4 21.Bc2 Rc7 
22.Qd1 Rb7 23.Rb1 Qc7 24.Qh5 Qd7 25.Rf4 g6 26.Qd1 Qe7 27.Rf6 Bg7 28.Ba4+ 
Kd8 29.Rf2 Bd7 30.Rfb2 Bf5 31.Bc2 Bd7 32.Ba4 Bf5 33.Bc2 Bd7 34.a4 f6 35.
Qf3 Qe6 36.b5 axb5 37.axb5 fxe5 38.dxe5 Qb6+ 39.Kh1 Be6 40.Ra2 Ra7 41.Rxa7
Qxa7 42.Ra1 Qb7 43.Qe3 Rf8 44.Qc5 Bc8 45.e6 Ke8 46.Bxg7 1-0

[Event "16th ECh U20 Girls"]
[Site "Patras GRE"]
[Date "1999.10.05"]
[Round "1"]
[White "Palotai, Piroska"]
[Black "Matnadze, Ana"]
[Result "0-1"]
[WhiteElo "2072"]
[BlackElo "2280"]
[EventDate "1999.10.02"]
[PlyCount "78"]

1.e4 c5 2.Nf3 d6 3.d4 cxd4 4.Qxd4 Nc6 5.Bb5 Bd7 6.Bxc6 Bxc6 7.Nc3 h6 8.O-O
Nf6 9.Nd2 e5 10.Qd3 Be7 11.Nc4 b5 12.Ne3 b4 13.Ncd5 Nxd5 14.Nxd5 Bxd5 15.
Qxd5 O-O 16.Bd2 Qb6 17.c4 bxc3 18.Bxc3 Rac8 19.Rfd1 Rc5 20.Qd2 f5 21.exf5 
Rxf5 22.Qe2 Bh4 23.g3 Bd8 24.Rd2 Bg5 25.Rd3 Qc6 26.Rad1 d5 27.Qg4 g6 28.h4
h5 29.Qh3 Bd8 30.Qg2 d4 31.Qxc6 Rxc6 32.Bb4 Bb6 33.Kg2 e4 34.R3d2 d3 35.
Bc3 Rc8 36.Re1 Rcf8 37.Rxe4 Rxf2+ 38.Kh3 Rxd2 39.Bxd2 Rf2 0-1

[Event "16th ECh U20 Girls"]
[Site "Patras GRE"]
[Date "1999.10.05"]
[Round "1"]
[White "Nill, Jessica"]
[Black "Horn, Emilia"]
[Result "1-0"]
[WhiteElo "2168"]
[BlackElo "2003"]
[EventDate "1999.10.02"]
[PlyCount "93"]

1.d4 d5 2.c4 c6 3.Nc3 dxc4 4.a4 b6 5.Nf3 Nf6 6.e3 Ba6 7.Ne5 e6 8.Nxc4 Qc7 
9.Be2 Be7 10.O-O O-O 11.Qb3 Nbd7 12.Bd2 c5 13.Nb5 Bxb5 14.axb5 cxd4 15.
exd4 Nd5 16.Rfc1 Qb7 17.Bf3 N7f6 18.Ra6 Ne8 19.Ne5 Nec7 20.Ra4 Bd6 21.Nc4 
Rfd8 22.Nxd6 Rxd6 23.Bf4 Rd7 24.Rac4 Ne8 25.Be5 Rad8 26.h3 Nd6 27.Ra4 Rc8 
28.Rca1 Ra8 29.Bxd5 exd5 30.Bxd6 Rxd6 31.Qg3 Rg6 32.Qa3 a5 33.bxa6 Qa7 34.
Qb3 Qd7 35.Rb4 Qe6 36.Qc3 Qd6 37.Rb5 Qd7 38.Qb3 Rg5 39.Rxb6 h6 40.Rb7 Qf5 
41.a7 Qe4 42.Rb8+ Kh7 43.g3 Rxa7 44.Rxa7 Qe1+ 45.Kg2 Qe4+ 46.Qf3 Qxd4 47.
Rxf7 1-0

[Event "16th ECh U20 Girls"]
[Site "Patras GRE"]
[Date "1999.10.05"]
[Round "1"]
[White "Sperdokli, Elli"]
[Black "Radziewicz, Iweta"]
[Result "0-1"]
[WhiteElo "2124"]
[BlackElo "2395"]
[EventDate "1999.10.02"]
[PlyCount "50"]

1.e4 e6 2.b3 d5 3.Bb2 Nf6 4.e5 Nfd7 5.Qg4 c5 6.f4 Nc6 7.Nf3 a6 8.a4 Qb6 9.
Ba3 c4 10.Nc3 cxb3 11.Bxf8 Kxf8 12.cxb3 Nb4 13.Rb1 Nc5 14.Kd1 d4 15.Ne2 
Ne4 16.Qh4 Nd3 17.Nexd4 Ndf2+ 18.Kc2 Nxh1 19.Bc4 Nhf2 20.d3 Bd7 21.Re1 
Nxd3 22.Kxd3 Nc5+ 23.Kc2 Rc8 24.Kc3 Qa5+ 25.Kb2 Nxa4+ 0-1

[Event "16th ECh U20 Girls"]
[Site "Patras GRE"]
[Date "1999.10.05"]
[Round "1"]
[White "Tkeshelashvili, Sopio"]
[Black "Buckley, Melanie"]
[Result "1/2-1/2"]
[WhiteElo "2284"]
[BlackElo "2075"]
[EventDate "1999.10.02"]
[PlyCount "96"]

1.e4 e6 2.Qe2 Nf6 3.e5 Nd5 4.c4 Nb6 5.d4 Nc6 6.Nf3 Bb4+ 7.Bd2 Bxd2+ 8.Qxd2
d6 9.Bd3 dxe5 10.dxe5 O-O 11.O-O Qe7 12.Na3 Nd7 13.Qf4 Nc5 14.Bc2 b6 15.
Qg4 h6 16.Rae1 Bb7 17.Re3 Rad8 18.Nb5 Rd7 19.a3 a5 20.Nh4 Qg5 21.Qh3 Qf4 
22.b3 Nxe5 23.g3 Qg4 24.Qxg4 Nxg4 25.Re2 Rfd8 26.f3 Nf6 27.Kf2 Kf8 28.Ng2 
c6 29.Nc3 Ba6 30.Nf4 g5 31.Ng2 b5 32.cxb5 cxb5 33.b4 axb4 34.axb4 Nd3+ 35.
Bxd3 Rxd3 36.Re3 Rd2+ 37.Re2 Rxe2+ 38.Kxe2 Nd5 39.Nxd5 Rxd5 40.Rc1 Ke7 41.
Ne3 Rd6 42.Rc7+ Rd7 43.Rc5 f5 44.Nc2 Bb7 45.Ke3 Rd5 46.Rc7+ Rd7 47.Rc5 Rd5
48.Rc7+ Rd7 1/2-1/2

[Event "16th ECh U20 Girls"]
[Site "Patras GRE"]
[Date "1999.10.06"]
[Round "2"]
[White "Buckley, Melanie"]
[Black "Polovnikova, Ekaterina"]
[Result "0-1"]
[WhiteElo "2075"]
[BlackElo "2299"]
[EventDate "1999.10.02"]
[PlyCount "86"]

1.e4 c5 2.Nc3 Nc6 3.g3 g6 4.Bg2 Bg7 5.d3 e6 6.Be3 d6 7.Qd2 Nd4 8.f4 Ne7 9.
Nd1 O-O 10.c3 Ndc6 11.Nf3 b6 12.O-O Bb7 13.Bf2 Qd7 14.Re1 Rac8 15.Ne3 d5 
16.e5 h5 17.d4 Ba6 18.h3 Bh6 19.Nc2 Na5 20.Na3 cxd4 21.cxd4 Qa4 22.Qd1 
Qxd1 23.Rexd1 Rc7 24.b4 Nc4 25.Nxc4 dxc4 26.Nd2 c3 27.Ne4 Nd5 28.a3 h4 29.
Ng5 hxg3 30.Bxg3 c2 31.Rdc1 Nc3 32.Bf1 Bxf1 33.Kxf1 Bxg5 34.fxg5 Nd5 35.
Ra2 Rfc8 36.Ke1 Rc3 37.Bf2 Nf4 38.Kd2 Nd3 39.Be1 Nxc1 40.Kxc1 Rxh3 41.Rxc2
Rxc2+ 42.Kxc2 b5 43.Kb2 Kf8 0-1

[Event "16th ECh U20 Girls"]
[Site "Patras GRE"]
[Date "1999.10.06"]
[Round "2"]
[White "Horn, Emilia"]
[Black "Gurbanova, Kemala"]
[Result "1/2-1/2"]
[WhiteElo "2003"]
[BlackElo "2078"]
[EventDate "1999.10.02"]
[PlyCount "108"]

1.e4 c6 2.d4 d5 3.Nc3 g6 4.Be3 Bg7 5.Nge2 Qa5 6.Ng3 Nf6 7.f3 dxe4 8.Nxe4 
Nd5 9.Qd2 Nxe3 10.Qxe3 O-O 11.Nd2 Qb6 12.Nb3 e5 13.O-O-O Be6 14.Na4 Qb4 
15.Nac5 exd4 16.Qf2 Bxb3 17.Nxb3 c5 18.f4 f5 19.Qf3 Rd8 20.c3 Qb6 21.cxd4 
cxd4 22.h4 Qc6+ 23.Qxc6 Nxc6 24.Nc5 b6 25.Ne6 Rd6 26.Nxg7 Kxg7 27.h5 Nd8 
28.g3 Ne6 29.b4 Nd8 30.Rd2 Rc8+ 31.Kb2 Ne6 32.hxg6 hxg6 33.Rdh2 Kf6 34.Rh7
Rc7 35.Rxc7 Nxc7 36.Rh7 Nd5 37.Rxa7 Nxb4 38.Bc4 g5 39.a3 Nc6 40.Rf7+ Kg6 
41.Rf8 gxf4 42.gxf4 Ne7 43.Re8 Nd5 44.Bxd5 Rxd5 45.Re6+ Kh5 46.Rxb6 Kg4 
47.Kc2 d3+ 48.Kd2 Kxf4 49.a4 Ke4 50.Re6+ Kd4 51.Re3 Kc4 52.Rf3 Kb4 53.Rxd3
Rxd3+ 54.Kxd3 Kxa4 1/2-1/2

[Event "16th ECh U20 Girls"]
[Site "Patras GRE"]
[Date "1999.10.06"]
[Round "2"]
[White "Jurkiewicz, Katarzyna"]
[Black "Hitzgerova, Gabriela"]
[Result "1-0"]
[WhiteElo "2225"]
[BlackElo "2208"]
[EventDate "1999.10.02"]
[PlyCount "89"]

1.e4 c5 2.Nf3 d6 3.d4 cxd4 4.Nxd4 Nf6 5.Nc3 a6 6.Bg5 e6 7.f4 Be7 8.Qf3 Qc7
9.O-O-O Nbd7 10.g4 b5 11.Bxf6 Nxf6 12.g5 Nd7 13.f5 Nc5 14.f6 gxf6 15.gxf6 
Bf8 16.Rg1 h5 17.a3 Rb8 18.b4 Na4 19.Nxa4 bxa4 20.Kb2 e5 21.Ne2 a5 22.c3 
Be6 23.Bh3 Bxh3 24.Qxh3 Qc4 25.Nc1 axb4 26.cxb4 Qxe4 27.Rge1 Qc6 28.Qf5 
Rc8 29.Na2 Rc7 30.Rc1 Qd7 31.Qf3 Bh6 32.Qa8+ Qd8 33.Qxa4+ Rd7 34.Rc2 Rg8 
35.Nc3 Rg4 36.Nd5 Rd4 37.Nb6 Qxb6 38.Rc8+ Qd8 39.Rxd8+ Kxd8 40.Qa8+ Kc7 
41.Re2 Rd2+ 42.Rxd2 Bxd2 43.b5 Be3 44.Qc6+ Kd8 45.b6 1-0

[Event "16th ECh U20 Girls"]
[Site "Patras GRE"]
[Date "1999.10.06"]
[Round "2"]
[White "Makka, Ioulia"]
[Black "Potikha, Liza"]
[Result "1-0"]
[WhiteElo "2099"]
[BlackElo "2061"]
[EventDate "1999.10.02"]
[PlyCount "33"]

1.e4 e5 2.Nf3 Nc6 3.Bb5 a6 4.Ba4 Nf6 5.d3 b5 6.Bb3 Bd6 7.a4 Rb8 8.O-O O-O 
9.Nc3 h6 10.Ne2 Re8 11.Ng3 Bf8 12.h3 d5 13.Be3 Bb7 14.axb5 axb5 15.exd5 
Nxd5 16.Ne4 g6 17.Bxd5 1-0

[Event "16th ECh U20 Girls"]
[Site "Patras GRE"]
[Date "1999.10.06"]
[Round "2"]
[White "Mladenovic, Jelena"]
[Black "Tkeshelashvili, Sopio"]
[Result "0-1"]
[WhiteElo "2023"]
[BlackElo "2284"]
[EventDate "1999.10.02"]
[PlyCount "54"]

1.e4 c5 2.Nf3 Nc6 3.d4 cxd4 4.Nxd4 Nf6 5.Nc3 d6 6.Be2 e5 7.Nb3 Be7 8.O-O 
O-O 9.Be3 a5 10.a4 Nb4 11.f3 Be6 12.Nb5 d5 13.c3 Nc6 14.exd5 Nxd5 15.Bf2 
Nf4 16.Nc5 Bxc5 17.Bxc5 Qg5 18.g3 Rfd8 19.Qe1 Rd2 20.Bd1 Rxb2 21.Kh1 Qh6 
22.h4 Nd3 23.Qe3 Nxc5 24.Qxc5 Qd2 25.Qg1 Bh3 26.Re1 Bg2+ 27.Kh2 Bf1+ 0-1

[Event "16th ECh U20 Girls"]
[Site "Patras GRE"]
[Date "1999.10.06"]
[Round "2"]
[White "Radziewicz, Iweta"]
[Black "Pokorna, Regina"]
[Result "0-1"]
[WhiteElo "2395"]
[BlackElo "2091"]
[EventDate "1999.10.02"]
[PlyCount "102"]

1.e4 e5 2.Nf3 Nc6 3.d4 exd4 4.Nxd4 Bc5 5.Nxc6 Qf6 6.Qd2 dxc6 7.Nc3 Be6 8.
Bd3 O-O-O 9.Qe2 Bd4 10.O-O g5 11.Be3 Ne7 12.Bxd4 Qxd4 13.e5 Ng6 14.Bxg6 
hxg6 15.Qe4 Bf5 16.Qxd4 Rxd4 17.Rac1 Rd2 18.f4 Bxc2 19.fxg5 Bf5 20.b3 Rh5 
21.h3 Be6 22.Rce1 Rxg5 23.Rf2 Rd3 24.Na4 b6 25.Kh2 Rf5 26.Rc2 c5 27.Nb2 
Rd4 28.Kh1 Bd5 29.Ree2 Rff4 30.Kh2 Rfe4 31.Kg3 Kd7 32.Rxe4 Rxe4 33.Rd2 Ke6
34.Nd3 g5 35.Ne1 Rxe5 36.Nf3 Bxf3 37.Kxf3 f6 38.Rd8 Rd5 39.Re8+ Kd7 40.Rf8
Rf5+ 41.Ke3 a5 42.Rf7+ Kd6 43.a4 Rf4 44.Kd3 Rf2 45.g4 Rf3+ 46.Kc4 Kc6 47.
Rf8 Kb7 48.Rf7 Rxh3 49.Rxf6 Rg3 50.Rg6 Rxg4+ 51.Kc3 Rg1 0-1

[Event "16th ECh U20 Girls"]
[Site "Patras GRE"]
[Date "1999.10.06"]
[Round "2"]
[White "Virnik, Elena"]
[Black "Kalinina, Vladislava"]
[Result "0-1"]
[WhiteElo "2154"]
[BlackElo "2239"]
[EventDate "1999.10.02"]
[PlyCount "94"]

1.e4 e5 2.Nf3 d6 3.d4 Nf6 4.Nc3 Nbd7 5.Bc4 Be7 6.O-O O-O 7.Qe2 c6 8.Rd1 
Qc7 9.a4 b6 10.b3 Bb7 11.Ba3 Rae8 12.dxe5 dxe5 13.Bxe7 Rxe7 14.Nh4 g6 15.
Qe3 a6 16.b4 b5 17.Bb3 c5 18.axb5 cxb4 19.bxa6 Qxc3 20.Qxc3 bxc3 21.axb7 
Nxe4 22.Ra7 Nec5 23.Bd5 Kg7 24.Nf3 Rb8 25.g3 Nb6 26.Ra8 Rexb7 27.Rxb8 Rxb8
28.Nxe5 Rd8 29.Bf3 Re8 30.Nd3 Ne4 31.Re1 Nd6 32.Rb1 Nbc4 33.Kg2 Nd2 34.Rb6
N6c4 35.Rb4 Na3 36.Bd1 Re7 37.Rb8 Rc7 38.Ra8 Nac4 39.Nb4 Rd7 40.Rc8 Rd4 
41.Na2 Ne4 42.Be2 Ncd6 43.Rc6 Rd2 44.Bd3 Nxf2 45.Kf1 Nxd3 46.cxd3 Rxa2 47.
Rxd6 c2 0-1

[Event "16th ECh U20 Girls"]
[Site "Patras GRE"]
[Date "1999.10.06"]
[Round "2"]
[White "Zozulia, Anna"]
[Black "Iwaniuk, Dorota"]
[Result "1-0"]
[WhiteElo "2353"]
[BlackElo "2189"]
[EventDate "1999.10.02"]
[PlyCount "96"]

1.e4 c5 2.Nf3 d6 3.d4 cxd4 4.Nxd4 Nf6 5.Nc3 a6 6.f4 e5 7.Nf3 Nbd7 8.Bd3 
Be7 9.a4 O-O 10.O-O Nc5 11.Kh1 exf4 12.Bxf4 Bg4 13.h3 Bh5 14.Qd2 Bg6 15.
Rae1 Rc8 16.Nd4 Re8 17.Bh2 Qd7 18.Nf5 Bxf5 19.Rxf5 Nxa4 20.e5 Nxc3 21.exf6
Bxf6 22.Rxe8+ Qxe8 23.bxc3 Bxc3 24.Qf2 g6 25.Rd5 Be5 26.Bxe5 dxe5 27.Qf6 
Qa4 28.Rxe5 Qc6 29.Qxc6 Rxc6 30.Be4 Rb6 31.Re8+ Kg7 32.Bd5 Rb1+ 33.Kh2 b5 
34.Re7 Rf1 35.Ra7 Rf6 36.Bb7 Rf2 37.Bd5 Rxc2 38.Bxf7 Kf6 39.Be8 b4 40.
Rxa6+ Ke5 41.Rb6 Rc4 42.Bf7 Rf4 43.Bg8 h5 44.Rxg6 Kd4 45.Ra6 Re4 46.Re6 
Rxe6 47.Bxe6 Ke5 48.Bb3 Kf5 1-0

[Event "16th ECh U20 Girls"]
[Site "Patras GRE"]
[Date "1999.10.07"]
[Round "3"]
[White "Polovnikova, Ekaterina"]
[Black "Bogza, Adina"]
[Result "1/2-1/2"]
[WhiteElo "2299"]
[BlackElo "2210"]
[EventDate "1999.10.02"]
[PlyCount "87"]

1.e4 d6 2.g3 Nf6 3.Bg2 g6 4.Ne2 Bg7 5.O-O O-O 6.d3 e5 7.Nbc3 c6 8.h3 Ne8 
9.Be3 Be6 10.Qd2 Nd7 11.d4 Nb6 12.b3 f5 13.Rad1 Nf6 14.Bg5 Qe8 15.a4 Nxe4 
16.Nxe4 fxe4 17.a5 Nd7 18.Qb4 Rf7 19.dxe5 d5 20.a6 b6 21.c4 Nxe5 22.cxd5 
cxd5 23.Nd4 Nc6 24.Nxc6 Qxc6 25.Rc1 Qd7 26.Bf4 Bf8 27.Qd2 Qb5 28.f3 Bb4 
29.Qb2 Bc5+ 30.Kh2 e3 31.Be5 Rd8 32.Bf6 Rdf8 33.Be5 Bb4 34.f4 e2 35.Rfe1 
Bxe1 36.Rxe1 h5 37.Rxe2 d4 38.Bd6 Re8 39.Re5 Qd7 40.Qxd4 Bxb3 41.Rxe8+ 
Qxe8 42.Ba3 Kh7 43.Bb2 Qf8 44.Qe5 1/2-1/2

[Event "16th ECh U20 Girls"]
[Site "Patras GRE"]
[Date "1999.10.07"]
[Round "3"]
[White "Batyte, Daiva"]
[Black "Virnik, Elena"]
[Result "1/2-1/2"]
[WhiteElo "2107"]
[BlackElo "2154"]
[EventDate "1999.10.02"]
[PlyCount "109"]

1.e4 c5 2.Nf3 d6 3.d4 cxd4 4.Nxd4 Nf6 5.Nc3 a6 6.Be2 e6 7.Be3 Qc7 8.O-O 
Nc6 9.f4 Be7 10.Kh1 O-O 11.Qe1 Re8 12.Bf3 d5 13.Qg3 dxe4 14.Bxe4 Bd7 15.
Rad1 Nb4 16.Qf3 Nxe4 17.Nxe4 Nd5 18.Bc1 Nf6 19.b3 Nxe4 20.Qxe4 Bf6 21.Bb2 
e5 22.fxe5 Rxe5 23.Qf4 Rc5 24.Qf3 Rg5 25.Rd2 Re8 26.Qd3 Rh5 27.h3 Bc8 28.
c4 Rd8 29.Rdf2 Rg5 30.Qe4 b6 31.Nc6 Bb7 32.Bxf6 gxf6 33.Rxf6 Rg7 34.Ne7+ 
Kf8 35.Nd5 Qc5 36.Qe6 Bxd5 37.Rxf7+ Rxf7 38.Rxf7+ Kg8 39.cxd5 Qxd5 40.Qxd5
Rxd5 41.Rb7 Rd2 42.a4 Rd6 43.b4 Rd1+ 44.Kh2 Ra1 45.Rxb6 Rxa4 46.g4 a5 47.
bxa5 Rxa5 48.Kg3 h5 49.Kh4 hxg4 50.hxg4 Kg7 51.Rd6 Rb5 52.Re6 Ra5 53.Kg3 
Ra3+ 54.Kf4 Ra5 55.Re5 1/2-1/2

[Event "16th ECh U20 Girls"]
[Site "Patras GRE"]
[Date "1999.10.07"]
[Round "3"]
[White "Dacalor, Aurelie"]
[Black "Reizniece, Dana"]
[Result "1-0"]
[WhiteElo "2131"]
[BlackElo "2294"]
[EventDate "1999.10.02"]
[PlyCount "85"]

1.d4 Nf6 2.c4 g6 3.Nc3 Bg7 4.e4 d6 5.f4 O-O 6.Nf3 c5 7.d5 b5 8.cxb5 a6 9.
a4 axb5 10.Bxb5 Ba6 11.Qe2 Nxe4 12.Qxe4 Bxc3+ 13.bxc3 Bxb5 14.Bd2 Nd7 15.
c4 Rxa4 16.Rxa4 Bxa4 17.O-O Nf6 18.Qe2 Bd7 19.Ng5 e6 20.dxe6 fxe6 21.Bc3 
Qe7 22.Rd1 Nh5 23.g3 e5 24.Qe4 Nf6 25.Qd3 Bg4 26.Qxd6 Qxd6 27.Rxd6 Ne8 28.
Rd8 exf4 29.gxf4 Bf5 30.Be5 h6 31.Nf3 Be6 32.Nd2 Kf7 33.Ra8 Rg8 34.Ra7+ 
Kf8 35.Ne4 Bxc4 36.Nxc5 g5 37.f5 Rg7 38.Bxg7+ Nxg7 39.f6 Nh5 40.Nd7+ Ke8 
41.Ne5 Bd5 42.f7+ Kf8 43.Rd7 1-0

[Event "16th ECh U20 Girls"]
[Site "Patras GRE"]
[Date "1999.10.07"]
[Round "3"]
[White "Gurbanova, Kemala"]
[Black "Mladenovic, Jelena"]
[Result "0-1"]
[WhiteElo "2078"]
[BlackElo "2023"]
[EventDate "1999.10.02"]
[PlyCount "94"]

1.d4 Nf6 2.Nc3 d5 3.Bg5 Bf5 4.f3 Nc6 5.Qd2 Bg6 6.e3 e6 7.Bb5 Be7 8.Nge2 
O-O 9.Nf4 Nh5 10.Bxe7 Nxe7 11.Nxg6 Nxg6 12.O-O-O c6 13.Bd3 b5 14.g4 Nf6 
15.h4 a5 16.h5 Ne7 17.g5 Nd7 18.f4 Nf5 19.Rdg1 a4 20.g6 h6 21.gxf7+ Rxf7 
22.Nd1 Nb6 23.Rg6 Qc8 24.Qg2 Kh8 25.c3 Nc4 26.Qf2 a3 27.b3 Nb2 28.Bc2 c5 
29.e4 dxe4 30.Bxe4 cxd4 31.Kb1 Raa7 32.cxd4 Nxd1 33.Rxd1 Rac7 34.Qd2 Rfd7 
35.d5 Rxd5 36.Bxd5 exd5 37.Rb6 Rc5 38.b4 Rc4 39.Rxb5 d4 40.Rc1 Ne3 41.Rc5 
Rxc1+ 42.Qxc1 Qa6 43.Qd2 Qf1+ 44.Rc1 Qb5 45.Qxd4 Qf5+ 46.Ka1 Nc2+ 47.Rxc2 
Qxc2 0-1

[Event "16th ECh U20 Girls"]
[Site "Patras GRE"]
[Date "1999.10.07"]
[Round "3"]
[White "Horn, Emilia"]
[Black "Redondo Arguelles, Graciela"]
[Result "0-1"]
[WhiteElo "2003"]
[BlackElo "2067"]
[EventDate "1999.10.02"]
[PlyCount "166"]

1.e4 e6 2.Qe2 Be7 3.Nf3 d5 4.d3 c5 5.g3 Nc6 6.c3 Nf6 7.Bg2 b6 8.O-O Ba6 9.
e5 Nd7 10.Re1 Qc7 11.a4 h6 12.Na3 g5 13.h3 Na5 14.Qd1 Rc8 15.Ra2 Bf8 16.b3
Nc6 17.d4 cxd4 18.cxd4 Nb4 19.Rd2 Nb8 20.Bb2 N8c6 21.Bf1 Bxf1 22.Rxf1 a6 
23.Ne1 Na5 24.Ng2 Nbc6 25.f4 Bb4 26.Rdf2 Nd8 27.Qh5 gxf4 28.Nxf4 Qe7 29.
Qg4 Qg5 30.Nxd5 Qxg4 31.Nf6+ Ke7 32.Nxg4 Nxb3 33.Rf4 h5 34.Nf6 Bd2 35.Rh4 
Bg5 36.Re4 Nd2 37.Nb1 Nc4 38.Bc1 Bxc1 39.Rxc1 Nb7 40.Re2 Nba5 41.Rc3 Rcd8 
42.Re4 b5 43.axb5 axb5 44.Na3 Nxa3 45.Rxa3 Nc6 46.Kf2 Rxd4 47.Rxd4 Nxd4 
48.Ra7+ Kf8 49.Rb7 Kg7 50.Ke3 Nc6 51.Rxb5 Nxe5 52.Rxe5 Kxf6 53.Kf4 Kg6 54.
Rg5+ Kh6 55.Ra5 Rb8 56.Ra3 Rb4+ 57.Kf3 Kg6 58.Rc3 f5 59.Ra3 h4 60.Re3 Kf6 
61.Ra3 hxg3 62.Kxg3 Kg5 63.Ra8 Rb3+ 64.Kg2 e5 65.Rg8+ Kf4 66.h4 e4 67.h5 
e3 68.h6 Rb2+ 69.Kh3 Rb1 70.Rg2 Rb6 71.Ra2 Rxh6+ 72.Kg2 Rg6+ 73.Kf1 Kf3 
74.Rf2+ Ke4 75.Ra2 Rh6 76.Ra4+ Kf3 77.Kg1 Rb6 78.Ra1 Kg3 79.Kf1 f4 80.Rc1 
f3 81.Ra1 Rb2 82.Rc1 f2 83.Ra1 e2# 0-1

[Event "16th ECh U20 Girls"]
[Site "Patras GRE"]
[Date "1999.10.07"]
[Round "3"]
[White "Kalinina, Vladislava"]
[Black "Krivec, Jana"]
[Result "1/2-1/2"]
[WhiteElo "2239"]
[BlackElo "2177"]
[EventDate "1999.10.02"]
[PlyCount "120"]

1.e4 e5 2.Nf3 Nc6 3.c3 Nf6 4.d4 Nxe4 5.d5 Ne7 6.Nxe5 Ng6 7.Qd4 Qe7 8.Qxe4 
Qxe5 9.Qxe5+ Nxe5 10.Bf4 Bd6 11.Bg3 O-O 12.Nd2 f5 13.f3 Nf7 14.O-O-O Bxg3 
15.hxg3 d6 16.f4 Bd7 17.Be2 Rfe8 18.Bh5 g6 19.Bf3 h5 20.Rde1 Kg7 21.Nb3 
Nh6 22.Kd2 Ng8 23.Rxe8 Rxe8 24.Re1 Rxe1 25.Kxe1 Nf6 26.Nd4 Ng4 27.Bxg4 
fxg4 28.Kf2 Kf6 29.Ke3 c6 30.c4 c5 31.Ne2 b5 32.cxb5 Bxb5 33.Nc3 Bf1 34.
Kf2 Bd3 35.a3 Bc4 36.b4 cxb4 37.axb4 a6 38.Ke3 Bf1 39.Kf2 Bc4 40.Ke3 Ke7 
41.Kf2 Kd7 42.Ke3 Kc7 43.Ke4 Bf1 44.f5 Bxg2+ 45.Kf4 gxf5 46.Kxf5 Bf3 47.
Kg5 Kb6 48.Kxh5 a5 49.bxa5+ Kxa5 50.Kg5 Kb4 51.Nb1 Kc4 52.Kf4 Kxd5 53.Ke3 
Kc4 54.Nd2+ Kc3 55.Nb1+ Kb2 56.Nd2 d5 57.Kd4 Bg2 58.Kd3 Kc1 59.Nb3+ Kd1 
60.Nd4 Kc1 1/2-1/2

[Event "16th ECh U20 Girls"]
[Site "Patras GRE"]
[Date "1999.10.07"]
[Round "3"]
[White "Kucypera, Anna"]
[Black "Radziewicz, Iweta"]
[Result "0-1"]
[WhiteElo "2218"]
[BlackElo "2395"]
[EventDate "1999.10.02"]
[PlyCount "72"]

1.e4 e6 2.d3 d5 3.Nd2 Nf6 4.Ngf3 c5 5.g3 Nc6 6.Bg2 Be7 7.O-O O-O 8.Re1 Qc7
9.e5 Ng4 10.Qe2 f5 11.c3 Nh6 12.Nf1 Nf7 13.h4 Bd7 14.Bf4 Be8 15.N1h2 Nh8 
16.Rad1 Bh5 17.Qd2 Qd7 18.Rb1 h6 19.a3 a5 20.Kh1 Kh7 21.Ng1 Qe8 22.Nh3 Bg4
23.d4 cxd4 24.cxd4 Qh5 25.Ng1 g5 26.hxg5 hxg5 27.f3 gxf4 28.gxf4 Ng6 29.
Rf1 Kg7 30.fxg4 fxg4 31.Qe3 Rh8 32.Qg3 Nxd4 33.Bxd5 Nf5 34.Qg2 exd5 35.Ne2
g3 36.Nxg3 Qxh2+ 0-1

[Event "16th ECh U20 Girls"]
[Site "Patras GRE"]
[Date "1999.10.07"]
[Round "3"]
[White "Sperdokli, Elli"]
[Black "Rezek, Anet"]
[Result "0-1"]
[WhiteElo "2124"]
[BlackElo "2105"]
[EventDate "1999.10.02"]
[PlyCount "54"]

1.e4 c5 2.Nf3 e6 3.b3 b6 4.c4 Bb7 5.Nc3 Nc6 6.Bd3 Be7 7.O-O d6 8.Bc2 Nf6 
9.d4 cxd4 10.Nxd4 O-O 11.Kh1 a6 12.f4 Qc7 13.Nf3 Rad8 14.Qe2 Nd7 15.Bb2 
Rfe8 16.Rad1 Bf8 17.e5 dxe5 18.fxe5 h6 19.h4 Ncxe5 20.Nb5 Bxf3 21.Rxd7 
Bxe2 22.Nxc7 Bxf1 23.Rxd8 Rxd8 24.Bxe5 Rd2 25.Be4 Re2 26.Bd3 Rxe5 27.Bxf1 
Re1 0-1

[Event "16th ECh U20 Girls"]
[Site "Patras GRE"]
[Date "1999.10.07"]
[Round "3"]
[White "Tkeshelashvili, Sopio"]
[Black "Makka, Ioulia"]
[Result "1-0"]
[WhiteElo "2284"]
[BlackElo "2099"]
[EventDate "1999.10.02"]
[PlyCount "77"]

1.e4 e6 2.d3 d5 3.Qe2 Be7 4.Nf3 Nf6 5.g3 c5 6.Bg2 Nc6 7.O-O dxe4 8.dxe4 e5
9.c3 O-O 10.Nbd2 Qc7 11.Nc4 Rd8 12.a4 b6 13.Na3 h6 14.h3 Bb7 15.Nh4 Na5 
16.Nf5 Nb3 17.Rb1 Nxc1 18.Rbxc1 Bf8 19.g4 Bc6 20.b3 Rac8 21.c4 Qb7 22.Rfe1
Rc7 23.Nb1 Rcd7 24.Nc3 Rd2 25.Qf1 Rb2 26.Nd5 Rxb3 27.Nxh6+ Kh7 28.Nf5 Bxa4
29.f4 Qb8 30.Nxf6+ gxf6 31.Qf2 exf4 32.Qh4+ Kg8 33.e5 Rd2 34.exf6 Rbb2 35.
Ne7+ Bxe7 36.Qg5+ Kf8 37.Qg7+ Ke8 38.Rxe7+ Kd8 39.Qf8+ 1-0